Democracy a project by Group Material

Gespeichert in:
Bibliographische Detailangaben
Weitere Verfasser: Wallis, Brian (HerausgeberIn)
Format: Unbekannt
Sprache:Spanish
Veröffentlicht: Seattle Bay 1990
Schlagworte:
Tags: Tag hinzufügen
Keine Tags, Fügen Sie den ersten Tag hinzu!

MARC

LEADER 000000000a22000000004500
001 001900
003 CIICLA
005 20140129161123.0
007 ta
008 140129s1900 -usa|||f |||| 00| 0 spa d
040 |c cru CIICLA Universidad de Costa Rica 
041 0 |a inglés 
092 0 |a 700.103 D383d 
245 1 0 |a Democracy   |b a project by Group Material  |c editor Brian Wallis 
260 |a Seattle   |b Bay   |c 1990 
300 |a 312 páginas   |b ilustraciones 
500 |a número de inscripción 11433 (Colección George Yúdice) -- ISSN 1047-6806, publicación no.5 
505 |t Discussions in contemporary culture 
650 4 |a ARTE Y SOCIEDAD 
650 4 |a ARTE  |x FILOSOFIA 
650 4 |a ESTETICA MODERNA 
700 1 2 |a Wallis, Brian,   |e editor 
942 |2 ddc  |c BK 
999 |c 2790  |d 2790